000 00566pab a2200205 454500
008 180718b2012 xxu||||| |||| 00| 0 eng d
100 _aMishra, Pradipta Kumar
245 _aQuality management and excellence in teaching and learning for higher education: Need of the day
260 _c2012
300 _ap.20-25.
362 _a9 Jan
650 _aTotal quality management
650 _aLearning
650 _aHigher education
650 _aTeaching
700 _aPatt Nayak, Pradipta Kumar
773 _aUniversity News
908 _aN
909 _a94682
999 _c94682
_d94682